000 00579nam a2200193Ia 4500
003 GCL
008 140319s9999 xx 000 0 eng d
040 _aGCL /
_cGCL
082 0 4 _aVC
_b791.43
_bW P
100 1 _aNELSON, GARY
245 1 0 _aTHE WATCH COMMANDER : ( VIDEO RECORDING ) :
_bالحارس الجبـــار /
_cNELSON, GARY
700 1 _aWARDEN, JACK
260 _a[S.N] :
_bCOLUMBIA TRISTAR HOME VIDEO
300 _a1\2 INCH:
_bCOLOUR ؛
_c1 FILM ( 135 MIN )
650 0 4 _aMOTION PICTURES
650 0 4 _aVIDEO TAPES
650 0 4 _aACTION FILMS
942 _2ddc
_cVM
999 _c16580
_d16580